Normal view MARC view

Entry Personal Name

Number of records used in: 10

001 - CONTROL NUMBER

  • control field: 31502

003 - CONTROL NUMBER IDENTIFIER

  • control field: dpl

005 - DATE AND TIME OF LATEST TRANSACTION

  • control field: 20110805115348.0

008 - FIXED-LENGTH DATA ELEMENTS

  • fixed length control field: 110805|||a|||||| | ||| d

040 ## - CATALOGING SOURCE

  • Original cataloging agency: dpl
  • Transcribing agency: dpl

100 ## - HEADING--PERSONAL NAME

  • Personal name: जोशी,स्नेहल

670 ## - SOURCE DATA FOUND

  • Source citation: Work cat.: (dpl): रजा अल्सानिया 31501, गर्ल्स ऑफ रियाध /, 2010

670 ## - SOURCE DATA FOUND

  • Source citation: Work cat.: (dpl): रजा अल्सानिया 31501, गर्ल्स ऑफ रियाध /, 2010

© Delhi Public Library
Hit Counter
free hit counter